Ending expensive social tenancies (Record no. 114559)

MARC details
000 -LEADER
fixed length control field 01049cad a22002055a 4500
001 - CONTROL NUMBER
control field L157051
008 - FIXED-LENGTH DATA ELEMENTS--GENERAL INFORMATION
fixed length control field 120821s2012 xxk f 000 0 eng d
035 ## - SYSTEM CONTROL NUMBER
System control number (Sirsi) u157051
041 0# - LANGUAGE CODE
Language code of text/sound track or separate title eng
110 2# - MAIN ENTRY--CORPORATE NAME
Corporate name or jurisdiction name as entry element Policy Exchange
9 (RLIN) 5443
245 00 - TITLE STATEMENT
Title Ending expensive social tenancies
Remainder of title fairness, higher growth and more homes
Medium [electronic resource]
260 ## - PUBLICATION, DISTRIBUTION, ETC.
Place of publication, distribution, etc. London
Name of publisher, distributor, etc. Policy Exchange
Date of publication, distribution, etc. 2012
520 ## - SUMMARY, ETC.
Summary, etc. Policy Exchange think tank argues councils should sell off their most expensive houses to build more cheap homes. This would raise £4.5bn a year and future rents could be borrowed against new homes which could raise another £1.5bn. This could help 80 000 new homes to be built with a net gain of 50 000 social homes a year.
590 ## - LOCAL NOTE (RLIN)
Local note KA NTK
651 #4 - SUBJECT ADDED ENTRY--GEOGRAPHIC NAME
Geographic name England
Chronological subdivision 886-
690 ## - LOCAL SUBJECT ADDED ENTRY--TOPICAL TERM (OCLC, RLIN)
Topical term or geographic name as entry element Affordable housing
9 (RLIN) 6215
690 ## - LOCAL SUBJECT ADDED ENTRY--TOPICAL TERM (OCLC, RLIN)
Topical term or geographic name as entry element Residential property
9 (RLIN) 6266
856 40 - ELECTRONIC LOCATION AND ACCESS
Uniform Resource Identifier <a href="https://www.policyexchange.org.uk/images/publications/ending%20expensive%20social%20tenancies.pdf">https://www.policyexchange.org.uk/images/publications/ending%20expensive%20social%20tenancies.pdf</a>
Public note View the item free of charge at www.policyexchange.org.uk
942 ## - ADDED ENTRY ELEMENTS (KOHA)
Suppress in OPAC 0
Holdings
Withdrawn status Lost status Source of classification or shelving scheme Damaged status Not for loan Home library Current library Shelving location Date acquired Total Checkouts Full call number Barcode Date last seen Copy number Price effective from Koha item type
    Dewey Decimal Classification     Virtual Virtual Online 21/08/2012   ONLINE PUBLICATION 157051-2001 06/08/2019 1 06/08/2019 Book